Návrh opatrení na zdokonalenie riadenia v pružnom výrobnom systéme = Proposals arrangements on improvement in flexibility production system in the firm TC Engineering SR, Co Ltd Nemsova : Bakalárska práca

Salvato in:
Dettagli Bibliografici
Autore principale: Naňáková, Lenka, 1985- (Autore)
Altri autori: Rybanský, Rudolf, 1947- (xxx)
Natura: Manoscritto Libro
Lingua:slovacco
Pubblicazione: Trnava : STU v Bratislave MTF UPMK, 2008
Soggetti:
Tags: Aggiungi Tag
Nessun Tag, puoi essere il primo ad aggiungerne!!

MARC

LEADER 00000ntm a22000003a 4500
001 stu174342
005 20160719155907.3
008 081024s2008----xo------------------slo-d
040 |a STU  |b slo 
041 0 |a slo 
044 |a xo 
100 1 |a Naňáková, Lenka,  |d 1985-  |4 aut  |X 26664  |7 A000026664 
245 1 |a Návrh opatrení na zdokonalenie riadenia v pružnom výrobnom systéme = Proposals arrangements on improvement in flexibility production system in the firm TC Engineering SR, Co Ltd Nemsova :  |b Bakalárska práca 
260 |a Trnava :  |b STU v Bratislave MTF UPMK,  |c 2008 
300 |a 53 s  |c príl., 1 CD-ROM 
500 |a Študijný odbor: 5.2.52 priemyselné inžinierstvo 
500 |a Študijný program: priemyselné manažérstvo 
650 7 |a pružné výrobné systémy  |2 stusub 
700 1 |a Rybanský, Rudolf,  |d 1947-  |4 xxx  |u M4000  |U MTF Materiálovotechnologická fakulta  |T MTF Ústav priemyselného inžinierstva a manažmentu  |X 1543  |U M4000  |Y 84  |7 A000001543 
996 |b 284M068952  |c M*BP-3684  |l MMSKP  |s P  |a 0  |w stu174342_0001